Jugadores Portugal #1 - Estadísticas

Estadísticas generales
  • Esta prueba ha sido intentada 57 veces
  • La puntuación promedio es 17 de 20
Estadísticas de respuestas
Imagen Respuesta % Correcto
Cristiano Ronaldo
100%
Joao Felix
100%
Diogo Jota
98%
Bruno Fernandes
95%
Rafael Leao
95%
Vitinha
95%
Bernardo Silva
93%
Joao Cancelo
91%
Nani
88%
Ruben Dias
88%
Guerreiro
86%
Dalot
84%
Nuno Mendes
84%
Ruben Neves
84%
Trincao
81%
Diogo Costa
77%
Palhinha
70%
Joao Neves
67%
Samu Costa
53%
Antonio Silva
42%
No se encontraron pruebas coincidentes
Distribución de puntuación
Porcentaje de gente con cada puntuación
Porcentaje por número respondido
Historial de tus puntuaciones
No has intentado esta prueba.